La gaceta del empleado
Gorde:
| Egile nagusia: | |
|---|---|
| Formatua: | Liburua |
| Hizkuntza: | gaztelania |
| Argitaratua: |
Santiago
Hugo Fortin Gajardo
1941
|
| Gaiak: | |
| Etiketak: |
Etiketa erantsi
Etiketarik gabe, Izan zaitez lehena erregistro honi etiketa jartzen!
|
MARC
| LEADER | 00000nam a2200000 a 4500 | ||
|---|---|---|---|
| 001 | UCI5526 | ||
| 003 | CL-VaPUC | ||
| 008 | 080328e19410000CL |||||||||||||||||spa|d | ||
| 082 | 0 | 4 | |a 344.01 |b FOR |2 21 |
| 100 | 0 | |a Fortin Gajardo, Hugo |e author |9 527950 | |
| 245 | 1 | 3 | |a La gaceta del empleado |
| 300 | |a Pág. irreg | ||
| 942 | |c BK | ||
| 945 | |d 20080328 00:00:00 |a jtorresc | ||
| 260 | |a Santiago |b Hugo Fortin Gajardo |c 1941 | ||
| 650 | 7 | |a TRIBUNALES DE TRABAJO |2 CL-VaPUC |9 527951 | |
| 650 | 7 | |a SENTENCIAS LABORALES |2 CL-VaPUC |9 527952 | |
| 650 | 7 | |a LEGISLACION DEL TRABAJO |2 CL-VaPUC |9 446867 | |
| 650 | 7 | |a JUICIO ORDINARIO DEL TRABAJO |2 CL-VaPUC |9 388402 | |
| 650 | 7 | |a REMUNERACIONES |2 CL-VaPUC |9 371777 | |
| 650 | 7 | |a SANCIONES |2 CL-VaPUC |9 371891 | |
| 583 | |a last modification |c 20080328 00:00:00 |k Rodrigo Vera | ||
| 999 | |c 329257 |d 329255 | ||
| 952 | |0 0 |1 0 |4 0 |6 344_010000000000000_FOR_1941 |7 0 |8 A |9 413635 |a BIBHIS |b BIBHIS |d 2019-11-22 |i 4416562 |o 344.01 FOR 1941 |p 4416562 |r 2025-01-20 |w 2019-11-22 |y BK |k HIS | ||